000 00357nam a2200145Ia 4500
008 150201s1982 xx 000 0 und d
082 _a617.6
_bH1982M
100 _aMOYERS,ROBERT E.
245 _aHAND BOOK OF FACIAL GROWTH
250 _a2ND
260 _bSAUNDERS
_aPHILADELPHIA
_c1982
300 _a1-485
650 _aGENERAL DENTISTRY
942 _2ddc
_cBK
999 _c3274
_d3274